Widok standardowy
Widok MARC
Pozycja Personal Name
Liczba rekordów, w których użyto hasła: 1
001 - Numer kontrolny
- control field: 36773
003 - Identyfikator numeru kontrolnego
- control field: NUKAT
005 - Data i czas ostatniej modyfikacji
- control field: 20260218102417.0
008 - Dane kontrolne kodowane (40 znaków)
- fixed length control field: 991117n||a|znnaabn |a aaa |c
010 ## - Numer kontrolny Biblioteki Kongresu
- numer kontrolny LC: n 99037222
024 7# - OTHER STANDARD IDENTIFIER
- Standard number or code: 162051684
- Source of number or code: viaf
024 7# - OTHER STANDARD IDENTIFIER
- Standard number or code: 0000000111469339
- Source of number or code: isni
040 ## - Instytucja sporządzająca rekord
- inst. przygot. dane do rek. khw: KR U/HW
- język haseł przedmiotowych/tezaurus: kaba
- inst. wprow. rek. khw: KR U/HW
100 1# - Hasło - nazwa osobowa
- nazwa osobowa w formie ujednoliconej: Sękowski, Wojciech.
670 ## - Źródło informacji
- źródło informacji: Kp. Ikony staroobrzędowców w zbiorach Muzeum Warmii i Mazur / Grażyna Kobrzeniecka-Sikorska. - Olsztyn, 1993.
- gdzie znaleziono informację: Fot.
675 ## - Źródło nie podające informacji
- wskazanie źródła: KjK. - 1993